00508nam a2200217Ia 4500008004100000020001500041050001100056050001400067100001900081245002600100245002200126260001000148260001700158260000900175300001500184300002600199300001000225650002500235700001100260999001900271170711s9999 xx 000 0 und d a1593789033 a636.73 bP985 2004 aCarpenter, Meg aGerman shepherd dog / cby Meg Carpenter. aUSA : bKennel Club, c2004 a96 pages : bcolor illustrations ; c21cm. aGerman shepherd dog. aTitle. c339770d339770